000
00243nam a22001217a 4500
041
_a
ENG
100
_a
Sachdeva.S.K
245
_a
Year Book 2000
260
_a
New Delhi
_b
Competition Review
_c
2000
300
_a
806
650
_a
GAE
856
_u
GAE
999
_c
677
_d
677